00566nam a2200157 a 4500008004100000020001800041050001600059100002800075245012300103250001600226260004800242300003700290350001000327650005100337700002000388200807s2018 ||||||||||||||||| || u a9781108436694 aHD 62.4 Bar aBartlett, Christopher A10aTransnational management: Text and cases-border management.(8th edition).cBy Christopher A. Bartlett; Paul W. Beamish a8th edition aCambridgebCambridge University Pressc2018 axviii, 553 pages : illustrations a67.34 aINTERNATIONAL BUSINESS ENTERPRISES--MANAGEMENT aBeamish, Paul W